[Event "XXIII Tadeusz Gniota Mem"]
[Site "Police POL"]
[Date "2008.07.12"]
[Round "5"]
[White "Issel,O"]
[Black "Jagerflod,K"]
[Result "1-0"]
[WhiteElo "2118"]
[BlackElo "2016"]

1.d4 Nf6 2.Bg5 Ne4 3.Bf4 c5 4.f3 Qa5+ 5.c3 Nf6 6.d5 Qb6 7.Bc1 e6 8.e4 d6
9.a4 exd5 10.exd5 Be7 11.Na3 O-O 12.Nc4 Qc7 13.Ne2 Bf5 14.Ng3 Qd7 15.Bf4 Bg6
16.Ne3 a6 17.a5 h5 18.Nc4 Qc7 19.Nb6 Ra7 20.Bd3 Nbd7 21.Bxg6 fxg6 22.Nc4 h4
23.Ne2 Nh5 24.Be3 Raa8 25.O-O Rae8 26.Qd3 Kh7 27.g4 hxg3 28.hxg3 Rh8 29.g4 Nhf6
30.Nf4 Nf8 31.Kg2 Kg8 32.Nxg6 Nxg6 33.Qxg6 Bf8 34.g5 Qd7 35.gxf6 Qh3+ 36.Kf2 Qh4+
37.Qg3 Qxc4 38.Rg1 Qh4 39.fxg7 Bxg7 40.Qxh4 Rxh4 41.Rg2 Kf7 42.Bg5 Rh5 43.Ra4 Re5
44.Rf4+ Ke8 45.Re4 Rh1 46.Bf4 Rxe4 47.fxe4 Bf8 48.Rg8 Kf7 49.Rxf8+ Kxf8 50.Bxd6+ Ke8
51.Bxc5 Rh2+ 52.Ke3 Rxb2 53.Bb4 Kd7 54.e5 Rh2 55.Kd4 Kc7 56.e6 Rh4+ 57.Kd3 Kd8
58.Bc5 Kc7 59.d6+ Kc6 60.d7 Rh1 61.Bb6 Rd1+ 62.Kc4 Rxd7 63.exd7 Kxd7 64.Kc5 Kc8
65.Ba7 b5 66.Kb6  1-0

[Event "Maestro Open"]
[Site "Berdsk RUS"]
[Date "2008.07.14"]
[Round "7"]
[White "Sazhinov,A"]
[Black "Mogila,V"]
[Result "1/2-1/2"]
[WhiteElo "2280"]
[BlackElo "2085"]

1.d4 Nf6 2.Bg5 Ne4 3.Bh4 c5 4.dxc5 Qa5+ 5.c3 Qxc5 6.Nd2 Nxd2 7.Qxd2 g6 8.e4 Bg7
9.f4 d6 10.Nf3 Be6 11.Bf2 Qc7 12.Bb5+ Bd7 13.Bd4 e5 14.fxe5 dxe5 15.Bxd7+ Nxd7
16.Bf2 O-O 17.O-O Nc5 18.Bxc5 Qxc5+ 19.Qf2 Qc6 20.Qe3 a6 21.Rad1 Rad8 22.b3 b5
23.Rd3 Rxd3 24.Qxd3 Rc8 25.Rd1 f5 26.Qd7 Qxd7 27.Rxd7 fxe4 28.Ng5 e3 29.Kf1 Bh6
30.Ne4 Rf8+ 31.Ke2 Rf4 32.Rd8+ Kg7 33.Rd7+ Kh8 34.Rd8+ Kg7 35.Rd7+ Kf8 36.Rd8+ Kg7
37.Rd7+ Kh8  1/2-1/2

[Event "ch-SUI"]
[Site "Samnaun SUI"]
[Date "2008.07.14"]
[Round "5"]
[White "Jenni,F"]
[Black "Gallagher,Jo"]
[Result "1/2-1/2"]
[WhiteElo "2544"]
[BlackElo "2483"]

1.d4 Nf6 2.Bg5 Ne4 3.Bf4 d5 4.e3 e6 5.Bd3 b6 6.Ne2 Bb7 7.f3 Nf6 8.g4 Bd6
9.Bxd6 Qxd6 10.g5 Nfd7 11.f4 c5  1/2-1/2

[Event "Maestro Open"]
[Site "Berdsk RUS"]
[Date "2008.07.15"]
[Round "8"]
[White "Zubarev,Al3"]
[Black "Agapov,Sergei"]
[Result "0-1"]
[WhiteElo "1948"]
[BlackElo "2121"]

1.d4 Nf6 2.Bg5 Ne4 3.Bf4 c5 4.f3 Nf6 5.dxc5 Qa5+ 6.Qd2 Qxc5 7.Nc3 d6 8.e4 g6
9.Be3 Qa5 10.Nb5 Qd8 11.g4 Nc6 12.g5 Nh5 13.Nd4 Bg7 14.Nge2 O-O 15.Ng3 d5
16.Nxh5 gxh5 17.O-O-O dxe4 18.Nxc6 Qxd2+ 19.Rxd2 bxc6 20.fxe4 Bg4 21.Bg2 Be5
22.h3 Be6 23.b3 a5 24.a4 c5 25.c4 Rfc8 26.Rf1 Kg7 27.Bf4 Bxf4 28.Rxf4 Rd8
29.e5 Rxd2 30.Kxd2 Rd8+ 31.Kc2 Kg6 32.Kc3 Kxg5 33.Rf2 Bf5 34.Bf1 e6 35.Be2 h4
36.Rf3 Rd7 37.Bf1 Be4 38.Rf6 Bf5 39.Kb2 Rd2+ 40.Kc1 Rd7  0-1

[Event "XIII Open"]
[Site "Balaguer ESP"]
[Date "2008.07.16"]
[Round "3"]
[White "Lorenzo de la Riva,L"]
[Black "Frances Cuscullola,O"]
[Result "1-0"]
[WhiteElo "2367"]
[BlackElo "2012"]

1.d4 Nf6 2.Bg5 Ne4 3.Bf4 d5 4.f3 Nf6 5.Nc3 Bf5 6.g4 Bg6 7.h4 h6 8.e3 e6 9.h5 Bh7
10.Bd3 Bd6 11.Nge2 c5 12.Bxh7 Bxf4 13.Nxf4 cxd4 14.Nxe6 fxe6 15.Bg6+ Ke7
16.exd4 Qd6 17.Qd2 Nbd7 18.O-O-O Nb6 19.Nb5 Qc6 20.Qb4+ Kd7 21.Rhe1 a5 22.Qc5 Qxc5
23.dxc5 Na4 24.Bf7 Nxc5 25.c4 Rac8 26.Kb1 Rc6 27.cxd5 Nxd5 28.Bxe6+ Rxe6
29.Rxd5+ Ke7 30.Rxe6+ Nxe6 31.Nd6 b6 32.Nf5+ Kf6 33.Rd6 b5 34.Nxg7 Kxg7 35.Rxe6  1-0

[Event "19th Czech Chladek & Tintera A Open"]
[Site "Pardubice CZE"]
[Date "2008.07.18"]
[Round "1"]
[White "Chernyshov,K"]
[Black "Severiukhina,Z"]
[Result "1-0"]
[WhiteElo "2565"]
[BlackElo "2300"]

1.d4 Nf6 2.Bg5 Ne4 3.Bf4 c5 4.f3 Qa5+ 5.c3 Nf6 6.d5 d6 7.e4 Nbd7 8.a4 a6
9.Nd2 Qc7 10.Nc4 g6 11.Qd2 Rb8 12.a5 Bg7 13.h4 h5 14.Nh3 O-O 15.Bh6 b5 16.axb6 Nxb6
17.Bxg7 Kxg7 18.Ne3 e6 19.c4 exd5 20.cxd5 Re8 21.Nf2 Qe7 22.Bc4 Nxc4 23.Nxc4 Rb4
24.Qc3 Bd7 25.O-O Rxc4 26.Qxc4 Bb5 27.Qc3 Bxf1 28.Kxf1 Kg8 29.Qd2 Qb7 30.Kg1 Rb8
31.Qe2 Qb5 32.Qxb5 axb5 33.Ra6 Rd8 34.Nd3 Ne8 35.Kf2 Kf8 36.b4 c4 37.Nf4 Ke7
38.Ne2 Nc7 39.Ra7 Kd7 40.Nc3 Rb8 41.Ke3 Rb6 42.Kd4 Kc8 43.Ra5 f6 44.f4 Kd7
45.g3 Rb7 46.e5 fxe5+ 47.fxe5 dxe5+ 48.Kxe5 Rb8 49.Ra7 Re8+ 50.Kd4 Rb8 51.Kc5  1-0

[Event "Politiken Cup"]
[Site "Helsingor DEN"]
[Date "2008.07.20"]
[Round "3"]
[White "Brondum,E"]
[Black "Lindberg,Be"]
[Result "0-1"]
[WhiteElo "2126"]
[BlackElo "2432"]

1.d4 Nf6 2.Bg5 Ne4 3.Bf4 c5 4.f3 Qa5+ 5.c3 Nf6 6.d5 Qb6 7.e4 Qxb2 8.Nd2 Qxc3
9.Bc7 Qe3+ 10.Ne2 Qh6 11.Bf4 g5 12.Be3 Qg6 13.Bxc5 d6 14.Be3 Bg7 15.Nd4 O-O
16.Rc1 Kh8 17.g4 e6 18.Nb5 Na6 19.dxe6 Bxe6 20.Nxd6 Nb4 21.a3 Na2 22.Rc5 Nd7
23.Rxg5 Qf6 24.Nf5 Bxf5 25.gxf5 Rad8 26.f4 Qb2 27.Rhg1 Nc3 28.Nc4 Nxd1 29.Nxb2 Nxe3
30.Rxg7 Nc5 31.Kf2 Nxf1 32.Kxf1 Nxe4 33.Nc4 Nd2+ 34.Nxd2 Rxd2 35.R7g2 Rd4
36.Rf2 Rd1+  0-1

[Event "41st Festival MTO"]
[Site "Biel SUI"]
[Date "2008.07.21"]
[Round "1"]
[White "Ivanisevic,I"]
[Black "Bok,B"]
[Result "1/2-1/2"]
[WhiteElo "2664"]
[BlackElo "2212"]

1.d4 Nf6 2.Bg5 Ne4 3.Bf4 c5 4.f3 Qa5+ 5.c3 Nf6 6.d5 e6 7.e4 Qb6 8.Na3 exd5
9.exd5 Qxb2 10.Nb5 Nxd5 11.Qxd5 Qxa1+ 12.Kf2 Qb2+ 13.Kg3 Be7 14.Nd6+ Bxd6
15.Bxd6 Nc6 16.Nh3 Qb1 17.Ng5 Nd8 18.Bb5 Qxb5 19.Re1+ Ne6 20.Qf5 f6 21.Nxe6 dxe6
22.Rxe6+ Kd7 23.Bf4 Qc4 24.Rxf6+ Kd8 25.Rd6+ Ke7 26.Qg5+ Kf7 27.Qh5+ g6 28.Qe5 Be6
29.Bg5 Rhf8 30.Bh6 Rg8 31.Bg5 Rgf8 32.Bh6 Rg8 33.Bg5 Rgf8  1/2-1/2

[Event "83rd ch-ARG s/f"]
[Site "Buenos Aires ARG"]
[Date "2008.07.21"]
[Round "1"]
[White "Barrionuevo,P"]
[Black "Scarzello,A"]
[Result "1-0"]
[WhiteElo "2363"]
[BlackElo "2050"]

1.d4 Nf6 2.Bg5 Ne4 3.Bf4 c5 4.f3 Qa5+ 5.c3 Nf6 6.d5 Qb6 7.e4 e6 8.Qd2 d6
9.Na3 e5 10.Be3 Nbd7 11.Nh3 Be7 12.Nf2 a6 13.Nc4 Qc7 14.a4 b6 15.Be2 O-O
16.g4 Rb8 17.Na3 Ne8 18.h4 Qd8 19.g5 f6 20.Kf1 Nc7 21.c4 Rf7 22.Bd3 fxg5
23.hxg5 Nf8 24.Be2 Bd7 25.b3 Ng6 26.Nd3 b5 27.axb5 axb5 28.Kg2 Ra8 29.Nc2 Rxa1
30.Nxa1 Bc8 31.Qc1 Qf8 32.Qg1 Nf4+ 33.Nxf4 exf4 34.Qh2 h6 35.Bd2 Bxg5 36.cxb5 Qe8
37.b6 Na8 38.b4 cxb4 39.Bxb4 Qe5 40.Rc1 Nxb6 41.Bc3 Qe8 42.Bd4 Nd7 43.Bb5 Qd8
44.Qg1 Bf6 45.Bf2 Be5 46.Nb3 Rf8 47.Kf1 Nb8 48.Bb6 Bh3+ 49.Ke2 Qg5 50.Qh1 Bd7
51.Bd3 Ba4 52.Nd2 Nd7 53.Bf2 Rb8 54.Qh3 Nf6 55.Qe6+ Kh7 56.Rg1 Qh5 57.Qe7 Rg8
58.Nc4 Qe8 59.Qa7 Nxd5 60.exd5+  1-0

[Event "Politiken Cup"]
[Site "Helsingor DEN"]
[Date "2008.07.21"]
[Round "4"]
[White "Jepson,C"]
[Black "Holst,C"]
[Result "1-0"]
[WhiteElo "2358"]
[BlackElo "2161"]

1.d4 Nf6 2.Bg5 Ne4 3.Bf4 d5 4.f3 Nf6 5.Nc3 e6 6.e4 Be7 7.Qd2 O-O 8.O-O-O a6
9.g4 b5 10.g5 b4 11.gxf6 bxc3 12.Qxc3 Bxf6 13.Bxc7 Qd7 14.exd5 exd5 15.Bh3 Qa4
16.Qa5 Qc6 17.Bf4 Bxh3 18.Nxh3 Qe6 19.Nf2 Nc6 20.Qd2 Bxd4 21.Nd3 Rfc8 22.Kb1 Qf5
23.h4 Bf6 24.Bg5 Rab8 25.Bxf6 Qxf6 26.Qg5 Qxg5 27.hxg5 Nd4 28.Ne1 Ne2 29.Rd2 Re8
30.Nd3 Nd4 31.f4 Re4 32.Nc5 Rxf4 33.Nxa6 Rd8 34.Nc7 Rd7 35.Rhd1 Rxc7 36.Rxd4 Rxd4
37.Rxd4 Rc5 38.b4 Rb5 39.a4 Rb8 40.b5 h6 41.Rxd5 hxg5 42.a5 Kf8 43.a6 Ra8
44.c4 g4 45.c5 g3 46.b6  1-0

[Event "19th Czech Chladek & Tintera A Open"]
[Site "Pardubice CZE"]
[Date "2008.07.21"]
[Round "4"]
[White "Schneider,Il"]
[Black "Stocek,J"]
[Result "1/2-1/2"]
[WhiteElo "2468"]
[BlackElo "2559"]

1.d4 Nf6 2.Bg5 Ne4 3.Bf4 c5 4.f3 Nf6 5.dxc5 b6 6.Nc3 bxc5 7.e4 Nc6 8.Nb5 d6
9.e5 Nxe5 10.Bxe5 dxe5 11.Qxd8+ Kxd8 12.O-O-O+ Nd7 13.Nh3 g6 14.Bc4 e6 15.Ng5 Bh6
16.f4 Ke7 17.Nd6 Rf8 18.Rhe1 Rb8 19.h4 Bxg5 20.hxg5 exf4 21.Nxf7 Rxf7 22.Bxe6 Kf8
23.Bxf7 Kxf7 24.Re4 Nf8 25.Rxf4+ Ke7 26.Rd5 Bb7 27.Re5+ Ne6 28.Rf6 Bc8 29.c4 Rb4
30.b3 a5 31.Kb2 a4 32.Kc3 axb3 33.axb3 Rb7 34.Rf3 Kd6 35.Rd5+ Kc6 36.Rf6 Ra7
37.Rd8 Bd7 38.Rxd7 Rxd7 39.Rxe6+ Kc7 40.Re5 Kc6 41.Re6+ Kc7 42.g3 Rf7 43.Rf6 Re7
44.Kd3 Re5 45.Rf7+ Kb6 46.Rxh7 Rxg5 47.Rh3 Ka5 48.Kc3 Rg4 49.Kb2 Kb6 50.Ka3 Kc6
51.Ka4  1/2-1/2

[Event "19th Czech Chladek & Tintera A Open"]
[Site "Pardubice CZE"]
[Date "2008.07.22"]
[Round "5"]
[White "Llorente Zaro,A"]
[Black "Severiukhina,Z"]
[Result "0-1"]
[WhiteElo "2423"]
[BlackElo "2300"]

1.d4 Nf6 2.Bg5 Ne4 3.Bf4 c5 4.f3 Nf6 5.d5 d6 6.c4 g6 7.Nc3 Bg7 8.e4 O-O 9.Qd2 a6
10.a4 Re8 11.Nge2 Nbd7 12.Ng3 h5 13.Be2 h4 14.Nf1 Nh7 15.g3 Ne5 16.gxh4 e6
17.Bg3 exd5 18.Nxd5 Nf6 19.Nfe3 Nxd5 20.Nxd5 Be6 21.h5 Bxd5 22.Qxd5 gxh5
23.Rg1 Qf6 24.Ra3 Ng6 25.Qxh5 Qxb2 26.Rd3 Qa1+ 27.Rd1 Qc3+ 28.Kf1 Re6 29.h4 Rae8
30.Qg4 Bd4 31.Rg2 Kf8 32.Be1 Qb3 33.h5 Ne5 34.Qg8+ Ke7 35.Qg5+ Kd7 36.Qf4 Rh8
37.Qf5 Rh6 38.Bh4 Nxc4 39.Qxf7+ Kc6 40.Bg5 Ne5 41.Qg8 Rxh5 42.Rg3 Rh1+ 43.Kg2 Rxd1
44.a5 Rg1+ 45.Kh2 Ng4+ 46.Rxg4 Rh6+ 47.Bxh6 Qxg8 48.Rxg8 Rxg8 49.Bd2 d5 50.exd5+ Kxd5
51.f4 Ke4 52.Bc4 Rg7 53.Be1 Kxf4 54.Bd2+ Be3 55.Bc3 Rg5 56.Be2 Ke4 57.Be1 Bf4+
58.Kh1 Kd4 59.Bf3 Rg7  0-1

[Event "19th Czech Chladek & Tintera A Open"]
[Site "Pardubice CZE"]
[Date "2008.07.22"]
[Round "5"]
[White "Kireev,Al"]
[Black "Svoboda,V2"]
[Result "1/2-1/2"]
[WhiteElo "2387"]
[BlackElo "2254"]

1.d4 Nf6 2.Bg5 Ne4 3.Bh4 g5 4.f3 gxh4 5.fxe4 Bg7 6.e3 c5 7.c3 Qb6 8.Qc2 Qh6
9.Kf2 Nc6 10.Nf3 d6 11.Nbd2 Bd7 12.Rd1 Rc8 13.Qb1 Rd8 14.a3 O-O 15.Bd3 Kh8
16.b4 b6 17.Nb3 h3 18.gxh3 Qxh3 19.Rdg1 Bg4 20.Rg3 Qh5 21.Nbd2 f5 22.exf5 Bxf5
23.Bxf5 Rxf5 24.Qe4 d5 25.Qe6 Rf6 26.Qh3 Qxh3 27.Rxh3 e5 28.b5 Ne7 29.Ke2 exd4
30.exd4 Ng6 31.Kd1 cxd4 32.Nxd4 Rf2 33.Rg1 Nf4 34.Rf3 Rxf3 35.N2xf3 Re8 36.Rg4 Ne6
37.Kd2 Nc5 38.h4 Ne4+ 39.Kc2 Rc8 40.Nc6 a6 41.c4 Nf6 42.Rg1 dxc4 43.Nfe5 Ra8
44.Ne7 h5 45.Nf5 Ng4 46.Nxg4 hxg4 47.Rxg4 Bf8  1/2-1/2

[Event "83rd ch-ARG s/f"]
[Site "Buenos Aires ARG"]
[Date "2008.07.25"]
[Round "5"]
[White "Barrionuevo,P"]
[Black "Catelli,H"]
[Result "1-0"]
[WhiteElo "2363"]
[BlackElo "2176"]

1.d4 Nf6 2.Bg5 Ne4 3.Bf4 c5 4.f3 Qa5+ 5.c3 Nf6 6.d5 Qb6 7.e4 Qxb2 8.Nd2 Qxc3
9.Bc7 d6 10.Ne2 Qd3 11.Rc1 b6 12.Nc3 Qe3+ 13.Be2 Bd7 14.Nc4 Qh6 15.O-O g5
16.f4 b5 17.Qb3 Na6 18.Nxb5 Nxe4 19.Qa4 Bg7 20.Qxa6 O-O 21.g3 Rac8 22.Ba5 Rb8
23.Nca3 c4 24.Bb4 Rxb5 25.Nxb5 Rb8 26.Qxa7 Rxb5 27.Qxd7 Bd4+ 28.Kg2 Rxb4
29.Qc8+ Kg7 30.Qf5 Nc3 31.Rc2 Qg6 32.fxg5 Qxf5 33.Rxf5 e6 34.dxe6 fxe6 35.Ra5 d5
36.Bg4 Rb6 37.Ra7+ Kg6 38.h4 Ne4 39.Re7 Nc5 40.Re2 e5 41.Bd7 Nxd7 42.Rxd7 Rb5
43.Kh3 c3 44.Kg4 h5+ 45.gxh6 Kxh6 46.Kf5 Rb1 47.Rd6+ Kg7 48.Rxd5 Rg1 49.g4 Rf1+
50.Kg5 Rf7 51.Rd6 Rc7 52.Rc2 Be3+ 53.Kf5 Bd4 54.Ke4 Rc4 55.Kd3 Ra4 56.Re2 Kh7
57.g5 Kg7 58.h5 Kf7 59.Rd7+ Kg8 60.h6 Ra6 61.Ke4 Rc6 62.Rc2 Ra6 63.Kf5  1-0

[Event "XXVI Andorra Open"]
[Site "La Massana AND"]
[Date "2008.07.25"]
[Round "7"]
[White "Lillo Ferrer,J"]
[Black "Fluvia Poyatos,Jor"]
[Result "0-1"]
[WhiteElo "2200"]
[BlackElo "2500"]

1.d4 Nf6 2.Bg5 Ne4 3.Bf4 e6 4.Nd2 Nxd2 5.Qxd2 d5 6.Nf3 c5 7.c3 cxd4 8.Nxd4 Be7
9.g3 Nd7 10.Bh3 Nb6 11.e4 e5 12.Bxc8 Qxc8 13.Bxe5 Nc4 14.Qe2 Nxe5 15.exd5 Nc4
16.O-O Kf8 17.b3 Nd6 18.Qe5 Qc5 19.Rad1 Bf6 20.Qf4 Re8 21.b4 Qb6 22.Qf3 Nc4
23.a4 g6 24.Ne6+ Rxe6 25.dxe6 Kg7 26.exf7 Ne5 27.Qe2 Rf8 28.Qb5 Qxb5 29.axb5 Rxf7
30.Kg2 Rc7 31.Ra1 Nc4 32.Rxa7 Nd6 33.b6 Rxc3 34.Rd1 Rc6 35.Rb1 Rxb6 36.Rb3 Kf7
37.g4 g5 38.Rh3 Kg6 39.Rd3 Be5 40.Kf3 Rxb4 41.Re3 Rf4+ 42.Ke2 Bd4 43.Re6+ Kf7
44.Rxd6 Bxa7 45.Rd7+ Kg6 46.Rxb7 Rxf2+ 47.Ke1 Rf7 48.Rxf7 Kxf7 49.h4 h6 50.Ke2 Ke6  0-1

[Event "19th Czech Chladek & Tintera A Open"]
[Site "Pardubice CZE"]
[Date "2008.07.26"]
[Round "9"]
[White "Schneider,Il"]
[Black "Lavrov,Ma1"]
[Result "1/2-1/2"]
[WhiteElo "2468"]
[BlackElo "2364"]

1.d4 Nf6 2.Bg5 Ne4 3.Bf4 d5 4.e3 g6 5.Bd3 Nd6 6.Nd2 Bg7 7.c4 dxc4 8.Nxc4 Nxc4
9.Bxc4 c5 10.dxc5 Qa5+ 11.Qd2 Qxd2+ 12.Kxd2 Bxb2 13.Rb1 Ba3 14.Bb5+ Nc6 15.Nf3 Bd7
16.Ne5 Rd8 17.Ke2 O-O 18.Bxc6 Bxc6 19.Nxc6 bxc6 20.Rb7 Rfe8 21.Rhb1 Bxc5
22.Rc1 Bb6 23.Rxc6 f6 24.Bc7 Rd7 25.Rb8 Rxb8 26.Bxb8 Rd5 27.a4 Kf7 28.Rc4 Rd8
29.Bg3 Ke6 30.e4 Rd7 31.f3 h5 32.Rc6+ Kf7 33.Be1 Rc7 34.Rxc7 Bxc7 35.Bf2 a6
36.h3 Ke8 37.Kd3 Kd7 38.Kc4 Kc6 39.Bd4 Bd6 40.Bc3 Bc7 41.Bb4 e6 42.Be7 Be5
43.Bc5 f5 44.exf5 exf5 45.Bd4 Bd6 46.Bf6 Bc5 47.Bc3 Bb6 48.Be5  1/2-1/2

[Event "19th Czech Chladek & Tintera A Open"]
[Site "Pardubice CZE"]
[Date "2008.07.26"]
[Round "9"]
[White "Cerveny,P"]
[Black "Nilsson,S"]
[Result "1-0"]
[WhiteElo "2353"]
[BlackElo "2284"]

1.d4 Nf6 2.Bg5 Ne4 3.Bf4 c5 4.f3 Qa5+ 5.c3 Nf6 6.Nd2 cxd4 7.Nb3 Qd8 8.cxd4 g6
9.e4 Bg7 10.Qd2 O-O 11.Ne2 d5 12.e5 Ne8 13.Bh6 a5 14.h4 a4 15.Nc5 a3 16.b4 f6
17.exf6 exf6 18.Nc3 Bxh6 19.Qxh6 Nc6 20.b5 Qe7+ 21.Kf2 Nxd4 22.Nd3 Qd6 23.Qf4 Nf5
24.Qxd6 Nexd6 25.Nf4 d4 26.Ncd5 Ra5 27.Rc1 Bd7 28.Rc7 Bxb5 29.g4 Ne3 30.Ne7+ Kh8
31.h5 gxh5 32.gxh5 Nf7 33.Nfg6+ Kg7 34.h6+ Nxh6 35.Nxf8 Kxf8 36.Rxh6 Nxf1
37.Rxh7  1-0

[Event "95th ch-GBR"]
[Site "Liverpool ENG"]
[Date "2008.07.28"]
[Round "1"]
[White "Garnett,J"]
[Black "Gavriel,T"]
[Result "1-0"]
[WhiteElo "2030"]
[BlackElo "2180"]

1.d4 Nf6 2.Bg5 Ne4 3.Bf4 d5 4.e3 Bf5 5.f3 Nf6 6.c4 Nc6 7.Nc3 Qd7 8.Rc1 e6
9.g4 Bg6 10.h4 h6 11.Qb3 dxc4 12.Qxb7 Rb8 13.Qxc7 Qxc7 14.Bxc7 Rb7 15.Bf4 Na5
16.Rh2 Nd5 17.Nxd5 exd5 18.e4 Bb4+ 19.Bd2 O-O 20.exd5 Rc8 21.Nh3 Bd6 22.Rg2 Rb5
23.Bxa5 Rxa5 24.Rxc4 Re8+ 25.Re2 Rxe2+ 26.Bxe2 Rxa2 27.f4 Be4 28.Rc8+ Kh7
29.Rd8 Bb4+ 30.Kf1 Rxb2 31.d6 f5 32.gxf5 Bxf5 33.Nf2 Rd2 34.Rf8 Be6 35.f5 Bd7
36.Bd3 Bxd6 37.Rd8 Rxd3 38.Nxd3 Bxf5 39.Rxd6 Bxd3+ 40.Kf2  1-0

[Event "Stara Pazova"]
[Site "Stara Pazova SRB"]
[Date "2008.07.28"]
[Round "7"]
[White "Kosanovic,G"]
[Black "Popov,L"]
[Result "1/2-1/2"]
[WhiteElo "2393"]
[BlackElo "2300"]

1.d4 Nf6 2.Bg5 Ne4 3.Bf4 d5 4.e3 e6 5.Nd2 Nxd2 6.Qxd2 c5 7.Bxb8 Rxb8 8.Bb5+ Bd7
9.Bxd7+ Qxd7 10.c3 cxd4 11.cxd4 Bd6 12.Nf3  1/2-1/2

[Event "Dutch Open"]
[Site "Dieren NED"]
[Date "2008.07.29"]
[Round "7"]
[White "Wilgenhof,O"]
[Black "De Saegher,C"]
[Result "0-1"]
[WhiteElo "2218"]
[BlackElo "2185"]

1.d4 Nf6 2.Bg5 Ne4 3.Bh4 c5 4.f3 g5 5.fxe4 gxh4 6.e3 Bh6 7.Kf2 cxd4 8.exd4 e5
9.Qh5 Qf6+ 10.Nf3 exd4 11.Bc4 Rg8 12.Bxf7+ Qxf7 13.Qxh6 Nc6 14.Rf1 Ne5 15.Kg1 Nxf3+
16.Kh1 h3 17.gxf3 d5 18.exd5 Bf5 19.Re1+ Kd7 20.Nd2 Rac8 21.Rac1 Qg6 22.Qxg6 Rxg6
23.Nb3 Rc4 24.Rg1 Kd6 25.c3 dxc3 26.bxc3 Rxg1+ 27.Kxg1 Kxd5 28.Kf2 Ra4 29.Rd1+ Ke5
30.Rd2 Ra3 31.Kg3 Be6 32.Rb2 b6 33.f4+ Kf6 34.Kf3 Bd5+ 35.Ke3 Bxb3 36.axb3 Ra1
37.Rf2 Kf5 38.Kd4 Rg1 39.Ra2 a5 40.Re2 Rg2 41.Re7 h5 42.Rf7+ Kg6 43.Rb7 Rxh2
44.Rxb6+ Kf5 45.Rb5+ Kg4 46.Rg5+ Kh4 47.Rxa5 Rg2 48.Ra1 h2 49.Rh1 Kg3 50.f5 Rg1
51.Rxh2 Kxh2 52.f6 Rg8  0-1

[Event "DOBA as GM CUP"]
[Site "Mlada Boleslav CZE"]
[Date "2008.07.29"]
[Round "3"]
[White "Meduna,E1"]
[Black "Klovans,J"]
[Result "0-1"]
[WhiteElo "2465"]
[BlackElo "2428"]

1.d4 Nf6 2.Bg5 Ne4 3.Bf4 c5 4.f3 Nf6 5.d5 Qb6 6.Bc1 e6 7.c4 d6 8.e4 Nbd7
9.Nc3 exd5 10.cxd5 Be7 11.Nh3 O-O 12.Be2 a6 13.Nf2 Qc7 14.a4 Rb8 15.O-O Re8
16.a5 Ne5 17.Be3 Nfd7 18.f4 Ng6 19.Qd2 b5 20.axb6 Rxb6 21.Ra2 Qb8 22.Rfa1 Bf6
23.Ncd1 Rb4 24.Qc1 Bd4 25.Bxd4 cxd4 26.Nd3 Rb3 27.N1f2 Nf6 28.Bf3 Qb6 29.Bd1 Rxd3
30.Nxd3 Nxe4 31.Qc6 Qd8 32.Qa4 Nc5 33.Qxd4 Nxd3 34.Ba4 Ndxf4 35.b4 Ne2+ 36.Rxe2 Rxe2
37.Rc1 Bd7 38.Bc6  0-1

[Event "13th Open"]
[Site "Creon FRA"]
[Date "2008.07.30"]
[Round "4"]
[White "Gillet,N"]
[Black "Mondon,F"]
[Result "0-1"]
[WhiteElo "1654"]
[BlackElo "1988"]

1.d4 Nf6 2.Bg5 Ne4 3.Bf4 d5 4.f3 Nf6 5.Nd2 g6 6.e4 dxe4 7.Nxe4 Bg7 8.c3 O-O
9.Qd2 Nxe4 10.fxe4 e5 11.Be3 Qh4+ 12.Qf2 Qxe4 13.dxe5 Bh6 14.Ke2 Nc6  0-1

[Event "FSIMA August"]
[Site "Budapest HUN"]
[Date "2008.08.03"]
[Round "2"]
[White "Hujbert,F"]
[Black "Strunski,A"]
[Result "1-0"]
[WhiteElo "2258"]
[BlackElo "2294"]

1.d4 Nf6 2.Bg5 Ne4 3.Bf4 c5 4.f3 Nf6 5.d5 g6 6.Nc3 Bg7 7.e4 a6 8.Qd2 O-O
9.Bh6 Bxh6 10.Qxh6 d6 11.h4 b5 12.h5 Nbd7 13.Nh3 Re8 14.Ng5 Nf8 15.hxg6 fxg6
16.O-O-O Ra7 17.Ne2 Qa5 18.Kb1 c4 19.g3 Rc7 20.Nd4 c3 21.Nb3 Qb6 22.Bd3 e5
23.dxe6 a5 24.e5 dxe5 25.Bxg6 Nxg6 26.Nxh7 Rxh7 27.Qxg6+ Rg7 28.Qxf6 a4 29.Qxe5 Rxe6
30.Qxc3 Rc6 31.Qe5 Re6 32.Qd4 axb3 33.Qxb6 bxc2+ 34.Kxc2 Rxb6 35.Rd8+ Kf7
36.Rxc8 Rb7 37.g4 Ke7  1-0

[Event "IX Miquel Mas de Figueres Open"]
[Site "Castell de Sant Ferran ESP"]
[Date "2008.08.03"]
[Round "2"]
[White "Corrales Jimenez,F"]
[Black "Fernandez Garcia,France"]
[Result "1-0"]
[WhiteElo "2504"]
[BlackElo "2037"]

1.d4 Nf6 2.Bg5 Ne4 3.Bf4 c5 4.f3 Qa5+ 5.c3 Nf6 6.Nd2 cxd4 7.Nb3 Qb6 8.Qxd4 Nc6
9.Qxb6 axb6 10.Nd4 d6 11.Nb5 Ra5 12.e4 g6 13.Be3 Nd7 14.b4 Ra4 15.Bc4 Bg7
16.Rc1 O-O 17.Bb3 Ra8 18.Ne2 Nce5 19.O-O Nd3 20.Rc2 N3e5 21.Rd1 h6 22.Nf4 Nc6
23.Nd5 Kh7 24.Nbc7 Rb8 25.a4 f5 26.Ne6 Rf7 27.exf5 gxf5 28.Nxb6 Nxb6 29.Bxb6 Bxe6
30.Bxe6 Rf6 31.Bd5  1-0

[Event "12th HZ Open"]
[Site "Vlissingen NED"]
[Date "2008.08.03"]
[Round "2"]
[White "Tissink,A"]
[Black "Amonatov,F"]
[Result "1/2-1/2"]
[WhiteElo "2137"]
[BlackElo "2650"]

1.d4 Nf6 2.Bg5 Ne4 3.h4 d5 4.Nd2 Nxd2 5.Qxd2 Bf5 6.O-O-O h6 7.Bf4 e6 8.f3 Nc6
9.g4 Bh7 10.a3 Bd6 11.e3 Qe7 12.Bxd6 Qxd6 13.Nh3 O-O-O 14.Kb1 a6 15.Bd3 Bxd3
16.Qxd3 e5 17.f4 exd4 18.exd4 Rhe8 19.Qf5+ Qe6 20.Qxe6+ Rxe6 21.Nf2 Re2 22.Rhf1 Rde8
23.g5 h5 24.f5 R2e3 25.c3 Na5 26.Nd3 Nc4 27.f6 g6 28.Rfe1 c6 29.a4 Kc7 30.Kc1 R8e4
31.Rxe3 Rxe3 32.b3 Nd6 33.Kc2 b6 34.Re1 Rxe1 35.Nxe1 Nf5 36.Nf3 Kd7 37.Kd3 Ke6
38.b4 a5 39.bxa5 bxa5 40.c4 Nd6 41.cxd5+ Kxd5 42.Ne5 c5 43.dxc5 Kxc5 44.Ke3 Nc4+
45.Kf4 Nxe5 46.Kxe5 Kc6 47.Ke4 Kc5 48.Ke5 Kc6  1/2-1/2

[Event "8th United Insurance"]
[Site "Dhaka BAN"]
[Date "2008.08.04"]
[Round "8"]
[White "Hossain,Mon"]
[Black "Mohammad,Ali"]
[Result "0-1"]
[WhiteElo "2193"]
[BlackElo "2175"]

1.d4 Nf6 2.Bg5 Ne4 3.h4 c6 4.Nd2 Nxd2 5.Qxd2 d5 6.e3 Qb6 7.c3 Bf5 8.Ne2 h6
9.Bf4 Nd7 10.h5 e6 11.Ng3 Bh7 12.Be2 Be7 13.O-O Bf6 14.Bd3 Bxd3 15.Qxd3 Bg5
16.a4 Bxf4 17.exf4 O-O 18.f5 e5 19.a5 Qc7 20.dxe5 Nxe5 21.Qd1 Nd7 22.Re1 Rfe8
23.Qd4 a6 24.b4 Nf6 25.f4 Rad8 26.Re5 Rxe5 27.Qxe5 Qd7 28.Qd4 Re8 29.Qd3 Qe7
30.Rf1 Ng4 31.f6 Qxf6 32.Nf5 Re4 33.Nd4 Rxf4 34.Re1 Re4 35.Rxe4 Qf2+ 36.Kh1 dxe4  0-1

[Event "WCh-Junior Girls"]
[Site "Gaziantep TUR"]
[Date "2008.08.04"]
[Round "2"]
[White "Corke,A"]
[Black "Harika,D"]
[Result "0-1"]
[WhiteElo "2255"]
[BlackElo "2461"]

1.d4 Nf6 2.Bg5 Ne4 3.Bf4 c5 4.f3 Qa5+ 5.c3 Nf6 6.d5 Qb6 7.Bc1 e6 8.c4 exd5
9.cxd5 c4 10.e3 Bc5 11.Kf2 O-O 12.Bxc4 Re8 13.Qb3 Qd8 14.Ne2 d6 15.Rd1 a6
16.a4 Nbd7 17.Ng3 h5 18.Nf1 Ne5 19.Be2 Ng6 20.Nc3 h4 21.Kg1 Nf4 22.Kh1 Nxe2
23.Nxe2 h3 24.gxh3 Bxh3 25.Nf4 Bxf1 26.Rxf1 Re5 27.e4 Nh5 28.Be3 Qh4 29.Nxh5 Rxh5
30.Rf2 Bxe3 31.Qxe3 Re8 32.Rg1 Qf6 33.Rfg2 g6 34.Rc1 Rxd5 35.Qb3 Rc5 36.Rcg1 Kf8
37.Qe3 Rh5 38.Rd2 d5 39.Qa3+ Kg8 40.exd5 Qf4 41.Qc3 Kh7 42.Rf2 Qd6 43.Rg4 Qxd5
44.Qf6 Re1+ 45.Kg2 Ree5 46.Qf4 Ref5 47.Qd4 Qc6 48.Rg3 Qc7 49.b3 Rfg5 50.f4 Qc6+
51.Rf3 Rc5 52.h3 Rc2+ 53.Kg1 Rd5 54.Qe3 Rd1+ 55.Rf1 Rxf1+ 56.Kxf1 Rc1+ 57.Kf2 Qh1
58.Rg4 Qh2+ 59.Kf3 Rf1+ 60.Ke4 Qc2+ 61.Ke5 Kg7 62.Qd4 Rd1 63.Qe3 Qf5+  0-1

[Event "17th Open"]
[Site "Kavala GRE"]
[Date "2008.08.05"]
[Round "7"]
[White "Nevednichy,V"]
[Black "Berescu,A"]
[Result "1/2-1/2"]
[WhiteElo "2577"]
[BlackElo "2489"]

1.d4 Nf6 2.Bg5 Ne4 3.Bf4 e6 4.Nd2 Nxd2 5.Qxd2 d5 6.Nf3 Bd6 7.Bxd6 Qxd6 8.e3 Nd7
9.c4 dxc4 10.Bxc4 O-O 11.O-O b6  1/2-1/2

[Event "Open"]
[Site "Olomouc CZE"]
[Date "2008.08.05"]
[Round "7"]
[White "Faerman,I"]
[Black "Zakharchenko,A"]
[Result "1-0"]
[WhiteElo "2245"]
[BlackElo "2271"]

1.d4 Nf6 2.Bg5 Ne4 3.Bh4 d5 4.f3 Nd6 5.Nc3 c6 6.e4 Qb6 7.a3 e6 8.Bf2 g6 9.Bd3 Bg7
10.Nge2 a5 11.b3 Qd8 12.O-O b6 13.e5 Nf5 14.g4 Ne7 15.f4 Ba6 16.Bxa6 Nxa6
17.Ng3 Qd7 18.Be3 f5 19.exf6 Bxf6 20.f5 exf5 21.gxf5 O-O 22.Bh6 Bg7 23.Bxg7 Kxg7
24.fxg6 hxg6 25.Qe2 Qd6 26.Rxf8 Kxf8 27.Re1 b5 28.Qe3 Nc7 29.Qh6+ Ke8 30.Nf5  1-0

[Event "Baltic Sea Cup"]
[Site "Bornholm DEN"]
[Date "2008.08.06"]
[Round "10"]
[White "Urkedal,F"]
[Black "Evdokimov,Alexa"]
[Result "1-0"]
[WhiteElo "2299"]
[BlackElo "2555"]

1.d4 Nf6 2.Bg5 Ne4 3.Bf4 c5 4.f3 Qa5+ 5.c3 Nf6 6.Nd2 cxd4 7.Nb3 Qb6 8.Qxd4 Nc6
9.Qxb6 axb6 10.Nd4 e5 11.Nxc6 exf4 12.Nd4 Bc5 13.Nh3 Nd5 14.e4 fxe3 15.Bc4 Nf6
16.Nf4 Bxd4 17.cxd4 O-O 18.Ke2 Re8 19.g4 g5 20.Ng2 Ra4  1-0

[Event "95th ch-GBR"]
[Site "Liverpool ENG"]
[Date "2008.08.06"]
[Round "9"]
[White "Garnett,J"]
[Black "Jackson,O"]
[Result "1/2-1/2"]
[WhiteElo "2030"]
[BlackElo "2221"]

1.d4 Nf6 2.Bg5 Ne4 3.Bf4 c5 4.f3 Qa5+ 5.c3 Nf6 6.d5 d6 7.e4 g6 8.Na3 Bg7
9.Nc4 Qd8 10.a4 O-O 11.Qd2 Na6 12.h4 Nh5 13.Bh6 Ng3 14.Rh2 e6 15.Bxg7 Kxg7
16.dxe6 d5 17.exd5 fxe6 18.d6 Bd7 19.h5 Nxh5 20.g4 Nf4 21.Ne5 Nb8 22.Qe3 Bc6
23.Qxc5 Nd7 24.Nxd7 Qxd7 25.O-O-O Rac8 26.Qe5+ Kg8 27.Rd4 Qg7 28.Qg5 Nd5
29.Bc4 Bxa4 30.Re4 Nxc3 31.Bxe6+ Kh8 32.Rc4 Rxc4 33.Bxc4 Qd4 34.Rxh7+ Kxh7
35.Qe7+ Kh6 36.Qh4+ Kg7 37.Qe7+ Kh6 38.Qh4+  1/2-1/2